000 00613nam a2200181 4500
999 _c195905
_d195905
005 20230509105727.0
010 _aENG-136784
020 _a9789390692170
_c650.00
035 _aEN-120316
037 _bDBAD/PUB
082 _a428.007105417
100 _aYumnam, Rosy
245 _aCulture in English Language Teaching:
_bThe Use of the Puyas in the English Language Classroom/
_cBy Rosy Yumnam
260 _aNew Delhi
_bMittal Publications
_c2021
270 _a4594/9, Daryaganj
_bNew Delhi
_e110002
_minfo@mittalbooks.com
300 _a164p
_c22cm(hbk)
942 _2ddc
_cEN
_mYUM
_h428.007105417